• 首页
  • 本馆介绍
  • 公告通知
  • 最新文献
  • 馆藏检索
  • 电子资源
  • 读者导购
  • 参考咨询
  • 我的图书馆
  • 登录
  • 详细信息显示
  • 放入我的书架
  • 预约/预借图书
  • 作者相关作品
  • 分类相关作品
  • 丛书相关作品
  • 出版社相关作品

书目信息

  • 表格格式
  • 工作单格式
  • 卡片格式
题名:
一百零一朵花
    
 
作者: 罕华清 译 ;冯寿轩 , 和鸿春 整理
分册:  
出版信息: 昆明   云南人民出版社  1978
页数: 78页
开本: 19cm
丛书名:
单 册:
中图分类: I295.322
科图分类:
主题词: 傣族-叙事诗--中国 , 叙事诗-傣族--中国
电子资源:
ISBN: 10116.723
000 00851nam0 2200277 450
001 0178003378
005 20100712215417.0
010    @a10116.723@dCNY0.25
091    @a10116.723
100    @a19950719d1978 em y0chiy0110 ea
101 0  @achi@ctha
102    @aCN@b530000
105    @af z 000gy
106    @ar
200 1  @a一百零一朵花@9Yi Bai;Bo Ling Yi Duo Hua @e傣族民间叙事长诗@f罕华清等翻译@g冯寿轩,和鸿春整理
210    @a昆明@c云南人民出版社@d1978
215    @a78页@c图@d19cm
517 1  @a傣族民间叙事长诗@9dai zu min jian xu shi chang shi
606 0  @a傣族-叙事诗@y中国
606 0  @a叙事诗-傣族@y中国
690    @aI295.322@v3
701  0 @a罕华清@9han hua qing@4译
702  0 @a冯寿轩@9feng shou xuan@4整理
702  0 @a和鸿春@9he hong chun@4整理
801  0 @aCN@bAzMarc@c20130904
905    @aBZT@dI295.322@e1@f2@sI295.322/1
    
    一百零一朵花:傣族民间叙事长诗/罕华清等翻译/冯寿轩,和鸿春整理.-昆明:云南人民出版社,1978
    78页:图;19cm
    
    
    ISBN 10116.723:CNY0.25
    
●
相关链接 在五车中查询图书 在当当中查询图书 在豆瓣中查询图书


正题名:一百零一朵花     索取号:I295.322/1         预约/预借

序号 登录号 条形码 馆藏地/架位号 状态 备注
1 2000076987   2000076987   旧书回溯/ [索取号:I295.322/1] 在馆    
2 2000082095   2000082095   旧书回溯/ [索取号:I295.322/1] 在馆    
山东省滨州职业学院图书馆 欢迎您!
大连网信软件有限公司© 版权所有